00342pab a2200133 454500008004000000100002400040245004600064260000900110300001300119362000800132650002000140700002000160773002800180180718b2006 xxu||||| |||| 00| 0 eng d aMankins, Michael C. aStop making plans: start making decisions c2006 ap.76-84. aJan aDecision making aSteele, Richard aHarvard Business Review